|
|
|
|
| LEADER |
00875naa a2200181 i 4500 |
| 001 |
acta67737 |
| 005 |
20260224081030.0 |
| 008 |
200420s2007 hu o 000 hun d |
| 020 |
|
|
|a 978-963-9573-39-0
|
| 040 |
|
|
|a SZTE Egyetemi Kiadványok Repozitórium
|b hun
|
| 041 |
|
|
|a hun
|
| 100 |
1 |
|
|a Reznák Erzsébet
|
| 245 |
1 |
0 |
|a "A nemzet csak jogost akarjon..."
|h [elektronikus dokumentum] :
|b Kossuth Lajos levele Bobory Károly országgyűlési képviselőhöz Ceglédre /
|c Reznák Erzsébet
|
| 260 |
|
|
|c 2007
|
| 300 |
|
|
|a 395-419
|
| 490 |
0 |
|
|a A források bűvöletében : ünnepi tanulmányok Katona Tamás 75. születésnapjára
|
| 695 |
|
|
|a Magyarország története - 1848-1849, Szabadságharc - magyar - 1848-1849, Levelezés - magyar - 19. sz., Kossuth Lajos, Bobory Károly
|
| 856 |
4 |
0 |
|u http://acta.bibl.u-szeged.hu/67737/1/2007_forrasok_buvoleteben_395-419.pdf
|z Dokumentum-elérés
|